Witamy w Bibliotece Naukowej Instytutu Łączności!

Pomieszczenia i urządzenia do przechowywania wartości - Wymagania, klasyfikacja i metody badań odporności na włamanie - Pojemniki bezpieczne i szafy = (Rekord nr 24136)

000 -LEADER
fixed length control field nam a22 i 4500
003 - CONTROL NUMBER IDENTIFIER
control field WA 310
005 - DATE AND TIME OF LATEST TRANSACTION
control field 20211117140236.0
007 - PHYSICAL DESCRIPTION FIXED FIELD--GENERAL INFORMATION
fixed length control field cr an nnnanaaa
008 - FIXED-LENGTH DATA ELEMENTS--GENERAL INFORMATION
fixed length control field 180618s2018 pl a fou |000 0 eng d
020 ## - INTERNATIONAL STANDARD BOOK NUMBER
International Standard Book Number 9788327591692
040 ## - CATALOGING SOURCE
Original cataloging agency WA 310/bw
Language of cataloging pol
Description conventions rda
Transcribing agency WA 310/bw
041 0# - LANGUAGE CODE
Language code of text/sound track or separate title eng
245 00 - TITLE STATEMENT
Title Pomieszczenia i urządzenia do przechowywania wartości - Wymagania, klasyfikacja i metody badań odporności na włamanie - Pojemniki bezpieczne i szafy =
Remainder of title Secure storage units - Requirements, classification and methods of test for resistance to burglary - Secure safe cabinets PN-EN 14450:2018-02E /
Statement of responsibility, etc Polski Komitet Normalizacyjny.
246 13 - VARYING FORM OF TITLE
Title proper/short title PN-EN 14450
246 13 - VARYING FORM OF TITLE
Title proper/short title ICS 13.310
246 31 - VARYING FORM OF TITLE
Title proper/short title Secure storage units - Requirements, classification and methods of test for resistance to burglary - Secure safe cabinets
260 ## - PUBLICATION, DISTRIBUTION, ETC. (IMPRINT)
Place of publication, distribution, etc Warszawa :
Name of publisher, distributor, etc Polski Komitet Normalizacyjny,
Date of publication, distribution, etc copyright 2018.
300 ## - PHYSICAL DESCRIPTION
Extent 19 stron :
Other physical details ilustracje ;
Dimensions 30 cm.
336 ## - TYP ZAWARTOŚCI
Typ zawartosci Tekst
-- txt
-- rdacontent
337 ## - TYP MEDIUM
Typ medium Komputer
-- c
-- rdamedia
338 ## - TYP NOŚNIKA
Typ nosnika Dokument online
-- cr
-- rdacarrier
500 ## - GENERAL NOTE
General note Tytuł z ekranu tytułowego.

500 ## - GENERAL NOTE
General note Wprowadza EN 14450:2017, IDT ; Zastępuje PN-EN 14450:2006 ; Zatwierdzona 23 lutedo 2017 r.
500 ## - GENERAL NOTE
General note Norma Europejska EN 14450:2017 [...] ma status Polskiej Normy.
504 ## - BIBLIOGRAPHY, ETC. NOTE
Bibliography, etc Bibliografia na stronie 17.
530 ## - ADDITIONAL PHYSICAL FORM AVAILABLE NOTE
Additional physical form available note Dostępne wyłącznie w formie elektronicznej.
538 ## - SYSTEM DETAILS NOTE
System details note Tryb dostępu: online.
546 ## - LANGUAGE NOTE
Language note Tekst w języku angielskim, strona tytułowa w języku polskim.
590 ## - LOCAL NOTE (RLIN)
Linkage (RLIN) Status: aktualna.
710 1# - ADDED ENTRY--CORPORATE NAME
Corporate name or jurisdiction name as entry element Polska.
Subordinate unit Polski Komitet Normalizacyjny.
Relator term Instytucja sprawcza
-- Wydawca
Relator code pbl
9 (RLIN) 1107
920 ## - ISBN
ISBN 978-83-275-9169-2
942 ## - ADDED ENTRY ELEMENTS (KOHA)
Source of classification or shelving scheme
Koha item type Książki
Egzemplarze
Withdrawn status Lost status Source of classification or shelving scheme Damaged status Not for loan Permanent Location Current Location Shelving location Date acquired Inventory number Total Checkouts Full call number Barcode Date last seen Date checked out Price effective from Koha item type Public note
        Nie do wypożyczenia Instytut Łączności Instytut Łączności Księgozbiór Podręczny 2018-08-29 PN-EN 14450:2018-02E 1 PN-EN 14450:2018-02E 14450:2018-02E 2019-05-07 2018-08-29 2018-08-29 Książki pdf, aktualna

Działa dzięki Koha